UBT Library

Ruper Brooke his Life and his Legend (Record no. 57455)

000 -LEADER
fixed length control field 00293nam a22001337a 4500
008 - FIXED-LENGTH DATA ELEMENTS--GENERAL INFORMATION
fixed length control field 210519b ||||| |||| 00| 0 eng d
041 ## - LANGUAGE CODE
Language code of text/sound track or separate title eng
080 ## - UNIVERSAL DECIMAL CLASSIFICATION NUMBER
Universal Decimal Classification number 82
082 ## - DEWEY DECIMAL CLASSIFICATION NUMBER
Classification number 82
100 ## - Rafti
Rafti 21
101 ## - Shkurtesa
Shkurtesa GJL
245 ## - TITLE STATEMENT
Title Ruper Brooke his Life and his Legend
Statement of responsibility, etc Lehmann,J
942 ## - ADDED ENTRY ELEMENTS (KOHA)
Source of classification or shelving scheme
Item type Books
Holdings
Withdrawn status Lost status Source of classification or shelving scheme Damaged status Not for loan Collection code Permanent location Current location Shelving location Date acquired Total Checkouts Full call number Barcode Date last seen Price effective from Koha item type
          Koleksioni i përgjithshem UBT - Lipjan UBT - Lipjan Koleksioni i përgjithshem 05/19/2021   82 LEH 002-6000025 05/19/2021 05/19/2021 Books
UBT Library © 2015-2024. All rights reserved University Education for Business and Technology